Internet : Business models and strategies : text and cases

Bibliographic Details
Main Author: Afuan, Allan
Other Authors: Tucci
Format: Book
Published: New York : Mc Graw-Hill , 2003
Subjects:

MARC

LEADER 00000cam a2200000 7i4500
001 0000012155
005 20050506.0
020 |a 0072511664 
040 |a INS 
090 0 0 |a HD30.37   |b A33 2003 
100 1 |a Afuan, Allan 
245 1 0 |a Internet : Business models and strategies :   |b text and cases   |c Allan Afuan 
260 |a New York :   |b Mc Graw-Hill ,   |c 2003 
300 |a xvi :   |b 480p ;   |c 24cm. 
650 0 0 |a Business enterprises   |x Computer nerworks 
650 0 0 |a Electronic commerce 
650 0 0 |a Internet 
700 0 |a Tucci   |x Christopher L. 
999 |a 0000013229   |b BOOK   |c Open Shelf   |e Default branch